|
|
|
|
| LEADER |
00971cam a2200361 i 4500 |
| 001 |
000045703 |
| 003 |
4898 |
| 005 |
20030228164622.0 |
| 008 |
010220|2000 vm 000 eng |
| 020 |
|
|
|a 0471166434
|
| 040 |
|
|
|a IRC
|c IRC
|d IRC
|
| 041 |
0 |
|
|a eng
|
| 082 |
1 |
4 |
|a 660.6
|b En-C
|
| 245 |
0 |
0 |
|a Encyclopedia of cell technology :
|n V.1 :
|p [A-CU]
|
| 260 |
|
|
|a New York :
|b John Wiley and Sons,
|c 2000.
|
| 300 |
|
|
|a 2v. (xix, 1249p.) :
|b ill.
|
| 630 |
0 |
4 |
|a Encyclopedias.
|
| 630 |
0 |
4 |
|a Biotechnology.
|
| 630 |
0 |
4 |
|a Cytology.
|
| 650 |
0 |
4 |
|a Animal cell biotechnology
|v Encyclopedias.
|
| 650 |
0 |
4 |
|a Plant cell biotechnology
|v Encyclopedias.
|
| 650 |
0 |
4 |
|a Cell culture
|v Encyclopedias.
|
| 650 |
0 |
4 |
|a Cytology
|v Encyclopedias.
|
| OWN |
|
|
|a DUT
|
| 999 |
|
|
|a From the UDN01
|
| TYP |
|
|
|a Monograph
|
| TYP |
|
|
|a Printed language
|
| 980 |
|
|
|a Mạng thư viện Đại học Đà Nẵng
|